Trường ca Tây Nguyên Đăm san- Xing nhã- Y ban

Gespeichert in:
Bibliographische Detailangaben
Weitere Verfasser: Lê Mai (giới thiệu và tuyển chọn)
Format: Buch
Sprache:Vietnamese
Veröffentlicht: H. Giáo dục 1975
Schriftenreihe:Tác phẩm trong nhà trường
Schlagworte:
Tags: Tag hinzufügen
Keine Tags, Fügen Sie den ersten Tag hinzu!
Thư viện lưu trữ: Mạng thư viện Đại học Đà Nẵng
LEADER 01107nam a2200325 4500
001 000005618
003 1763
005 20110818070808.0
008 110818s1975 viesd
020 |c 5000 
041 0 |a vie 
082 |a 895.9222  |b TRU 
245 0 |a Trường ca Tây Nguyên Đăm san- Xing nhã- Y ban  |c Lê Mai giới thiệu và tuyển chọn 
260 |a H.  |b Giáo dục  |c 1975 
300 |a 208 tr.  |c 19 cm 
490 |a Tác phẩm trong nhà trường 
653 |a Văn học Việt Nam 
653 |a Kịch Tây Nguyên 
700 |a Lê Mai  |e giới thiệu và tuyển chọn 
910 |a Thu Sương  |d 19/8/2011 
OWN |a LSP 
AVA |a UDN50  |b LSP  |d 895.9222 TRU  |e unavailable  |t Error 5002 Not defined in file expand_doc_bib_avail.  |f 2  |g 2  |h N  |i 0  |k 1 
999 |a From the UDN01 
AVA |a UDN50  |b LSP  |d 895.9222 TRU  |e unavailable  |t Error 5002 Not defined in file expand_doc_bib_avail.  |f 2  |g 2  |h N  |i 0  |k 1 
TYP |a Monograph 
TYP |a Printed language 
980 |a Mạng thư viện Đại học Đà Nẵng